|
|
|
|
| LEADER |
03950nam a22003973i 4500 |
| 001 |
EBC6624790 |
| 003 |
MiAaPQ |
| 005 |
20231204023216.0 |
| 006 |
m o d | |
| 007 |
cr cnu|||||||| |
| 008 |
231204s2019 xx o ||||0 eng d |
| 020 |
|
|
|a 9789633862827
|q (electronic bk.)
|
| 035 |
|
|
|a (MiAaPQ)EBC6624790
|
| 035 |
|
|
|a (Au-PeEL)EBL6624790
|
| 035 |
|
|
|a (OCoLC)1128091406
|
| 040 |
|
|
|a MiAaPQ
|b eng
|e rda
|e pn
|c MiAaPQ
|d MiAaPQ
|
| 082 |
0 |
|
|a 320.01/9
|
| 100 |
1 |
|
|a Borgos, Anna.
|
| 245 |
1 |
0 |
|a Psychology and Politics :
|b Intersections of Science and Ideology in the History of Psy-Sciences.
|
| 250 |
|
|
|a 1st ed.
|
| 264 |
|
1 |
|a Budapest :
|b Central European University Press,
|c 2019.
|
| 264 |
|
4 |
|c ©2019.
|
| 300 |
|
|
|a 1 online resource (382 pages)
|
| 336 |
|
|
|a text
|b txt
|2 rdacontent
|
| 337 |
|
|
|a computer
|b c
|2 rdamedia
|
| 338 |
|
|
|a online resource
|b cr
|2 rdacarrier
|
| 505 |
0 |
|
|a Cover -- Title page -- copyright page -- Table of Contents -- Acknowledgments -- Introduction (by the editors) -- I. CULTURAL REPRESENTATIONS OF PSYCHOANALYSIS IN PERSONAL AND SOCIAL HISTORY -- "A Museum of Human Excrement" -- Anomalies of Demarcation in Light of the Nineteenth-Century Occult Revival -- Psychoanalysis in Representative Organs of the Hungarian Press between 1913 and 1939 -- Alice Bálint at the Intersection of the Personal, the Professional, and the Political -- II. FERENCZI AND RÓHEIM REVISITED -- Violence, Trauma, and Hypocrisy -- Sándor Ferenczi's Epistemologies and Their Politics: On Utraquism and the Analogical Method -- "Tell Them That We Are Not Like Wild Kangaroos": Géza Róheim and the (Fully) Human Primitive -- Géza Róheim: Alienness as a Source of Political Attitude -- III. PSYCHOANALYSIS AND PSY-KNOWLEDGE IN SOFT AND HARD DICTATORSHIPS -- Psychoanalysis in Troubled Times: Conformism or Resistance? -- Psychoanalysis and Taking Sides: Two Moments in the History of the Psychoanalytic Movement -- How Ideology Shaped Psychology in Times of Wars and after Wars -- The Social Roles and Positions of the Hungarian Psychologist-Intelligentsia between 1945 and the 1970s: A Case Study of Hungarian Child Psychology -- Remembering the Reinstatement of Hungarian Psychology in the Kádár Era: Reconstructing Psychology through Interviews -- IV. THE POLITICS OF PSYCHIATRY-BODIES, ILLNESSES, AND MENTAL HEALTH -- The Hygiene of Everyday Life and the Politics of Turn-of-the-Century Psychiatric Expertise in Hungary -- Who Is Mentally Ill? Psychiatry and the Individual in Interwar Germany -- Russian Psychiatry beyond Foucault: Violence, Humanism, and Psychiatric Power in the Russian Empire at the End of the Nineteenth and Early Twentieth Century -- Patients and Observers: Specific Data Collection Methods in an Interwar Transylvanian Hospital.
|
| 505 |
8 |
|
|a Contemporary Criticism and Defenses of Psychiatry's Moral-Medical Kinds in Light of Foucault's Lectures on the Abnormal -- V. CRITICAL PSYCHOLOGY AND THE EPISTEMOLOGY OF PSY-KNOWLEDGE -- Neoliberal Governmentality, Austerity, and Psycho-Politics -- Psycho-Politics and Illness Constructions in the Background of the Trauma-Concept of the DSM-5 -- Is Integration Possible for Psychoanalysis? -- Parallels, Intersections, and Clashes: Journeys through the Fringes -- About the Authors -- Index of Names -- Back cover.
|
| 588 |
|
|
|a Description based on publisher supplied metadata and other sources.
|
| 590 |
|
|
|a Electronic reproduction. Ann Arbor, Michigan : ProQuest Ebook Central, 2023. Available via World Wide Web. Access may be limited to ProQuest Ebook Central affiliated libraries.
|
| 655 |
|
4 |
|a Electronic books.
|
| 700 |
1 |
|
|a Gyimesi, Júlia.
|
| 700 |
1 |
|
|a Erős, Ferenc.
|
| 776 |
0 |
8 |
|i Print version:
|a Borgos, Anna
|t Psychology and Politics
|d Budapest : Central European University Press,c2019
|
| 797 |
2 |
|
|a ProQuest (Firm)
|
| 856 |
4 |
0 |
|u https://ebookcentral.proquest.com/lib/matrademy/detail.action?docID=6624790
|z Click to View
|